Международното камбио (Запис номер 405559)
[ съкратено ]
| 000 -Лидер | |
|---|---|
| Контролно поле с фиксирана дължина | 01520nam a2200349 c 4500 |
| 003 - Код на организацията, давaща контролен номер | |
| Контролно поле | BLK |
| 005 - Дата и час на последна редакция | |
| Контролно поле | 20210622090506.0 |
| 008 - Елементи от данни с фиксирана дължина | |
| fixed length control field | 180412b bul|||||r ||||||| ||bul|| |
| 040 ## - Източник на каталожния запис | |
| Идентификатор на билиотеката - собственик на записа | BLK |
| 041 ## - Код за език | |
| Код за езика на текст/звукозапис или на отделно заглавие | Български |
| Код за езика КДБФ | Български |
| 080 ## - УДК | |
| Текстов определител УДК | Пари. Валута. Междунар. монетни конвенции - Видове пари. Размяна на пари, международни пари, инфлация, монетарна теория и др. Вж и 737.1 |
| УДК код - определител по УДК | 336.74 |
| УДК - код + определител | 336.74 |
| 100 ## - Редна дума - Автор | |
| Автор | Теодоров, Георги |
| Авторска отговорност | първи автор |
| R(LIN) | 446684 |
| 139 ## - Редно поле | |
| Редна дума | Теодоров, Георги |
| Авторски знак | Тео - Т 49 |
| 245 10 - Сведения за заглавието | |
| Заглавие | Международното камбио |
| Подзаглавни данни | Студия и ръководство |
| Редно поле (дума) | Георги Теодоров |
| 257 ## - Страна на издаване | |
| Страна на създаване/издаване | България |
| 260 ## - Област на издателските данни | |
| Име на издателя, разпространителя и проч. | печ. Перец Йос. Алкалай |
| Година на издаване | 1891 |
| Печатница | Русе : Перец Йос. Алкалай |
| 9 (RLIN) | 215046 |
| Място на издаване, разпространение и проч. | Русе |
| 300 ## - Физическа характеристика | |
| Страници | 95 с. |
| Илюстрации и др. | с табл., 4 л. : табл., 1 л. : диагр. |
| Размери/Мащаб | 23 см |
| 380 ## - Жанр | |
| Жанр | Обществени науки |
| 490 ## - СЕРИИ (Колекции) | |
| 9 (RLIN) | 435080 |
| Име на серия | Колекция Редки и ценни издания |
| 650 #4 - Допълнително описание по предмет – тема | |
| Основно описание – тема или топоним | Валута |
| 9 (RLIN) | 150374 |
| 650 #4 - Допълнително описание по предмет – тема | |
| Основно описание – тема или топоним | Валутни отношения |
| 9 (RLIN) | 244598 |
| 653 ## - Ключова дума – ненормативна | |
| Ключова дума | валута |
| 852 ## - Местоположение | |
| Фондова буква | Редки и ценни |
| Систематично-азбучна сигнатура | Цб Рб 891 |
| 856 4# - Електронен адрес и достъп | |
| Електронен формат | pdf - файл |
| Път до файла /url/ | |
| 856 4# - Електронен адрес и достъп | |
| Електронен формат | pdf - файл |
| Път до файла /url/ | |
| 999 ## - СИСТЕМНИ КОНТРОЛНИ НОМЕРА | |
| Koha biblionumber | 405559 |
| Koha biblioitemnumber | 405559 |
| 942 ## - АРТИКУЛИ | |
| Вид на библиотечния материал | Книги |
| Скрит в OPAC | Не |
| Периодичен библиозапис | Да |
| 944 ## - СЪЗДАВАНЕ И РЕДАКЦИЯ на ЗАПИСА | |
| Създаване/Редакция | Създаване |
| Дата на регистрацията/редакция | 2021-04-05 |
| Служител, извършил регистрацията/редакцията | НР |
| 999 ## - СИСТЕМНИ КОНТРОЛНИ НОМЕРА | |
| Koha biblioitemnumber | 405559 |
| Код за отписване | Код за изгубен артикул | Източник на класификационната схема | Код за повреда | Коз за рестрикции | Код за отдаване | Артикулен № | Име на библиотеката - собственик | Име на библиотеката, в която се намира в момента | Статус (Текущо местоположение) | Дата на вписване в системата | Местоположение - отдел | Цена в лева | Инвентарен номер | Систематично азбучна сигнатура | Баркод | Цена в евро | Служебен тип на артикула |
|---|---|---|---|---|---|---|---|---|---|---|---|---|---|---|---|---|---|
| Не е изгубен | Universal Decimal Classification | Не е повреден | само за читалня | Специални фондове ( старопечатни, редки и ценни, фонд М. Арнаудов) | 853976 | Регионална библиотека "Любен Каравелов" Русе | Регионална библиотека "Любен Каравелов" Русе | Редки и ценни | 2021-09-21 | Редки и ценни | 0.07 | 11743 | Рб 891 | 900000045178 | 0.04 | Книги |